The Glastonbury legends : Joseph of Arimathea, the Holy Grail and King Arthur /

Bibliographic Details
Main Author: Treharne, R. F. (Reginald Francis), 1901-1967
Format: Book
Language:English
Published: London : Cresset P., 1967.
Subjects:

MARC

Tag First Indicator Second Indicator Subfields
LEADER 00000cam a2200000 4500
001 in00000314021
005 20151010094920.0
008 731001s1967 enkaf b 001 0 eng d
010 |a  67100502  
015 |a B67-16270 
035 |a (OCoLC)00957823 
035 |9 ABG9829AM 
040 |a DLC  |c DLC  |d TXA  |d UtOrBLW 
043 |a e-uk-en 
049 |a TXAM  |c [701780] 
050 0 0 |a DA690.G45  |b T7 
100 1 |a Treharne, R. F.  |q (Reginald Francis),  |d 1901-1967. 
245 1 4 |a The Glastonbury legends :  |b Joseph of Arimathea, the Holy Grail and King Arthur /  |c [by] R. F. Treharne. 
264 1 |a London :  |b Cresset P.,  |c 1967. 
300 |a x, 142 pages :  |b frontispiece, illustrations, 6 plates. 
336 |a text  |b txt  |2 rdacontent 
337 |a unmediated  |b n  |2 rdamedia 
338 |a volume  |b nc  |2 rdacarrier 
504 |a Includes bibliography (pages 130-135) and index. 
650 0 |a Legends  |z England  |z Glastonbury. 
610 1 0 |a Glastonbury Abbey. 
999 |a MARS 
999 f f |s f70de377-a805-3ab0-a330-090ed828c22b  |i 98597b61-c8ee-38a9-9836-b73e151ca7f3  |t 0 
952 f f |p ric  |a Texas A&M University  |b Rellis Campus  |c Joint Library Facility  |s JLF  |d Remote Storage  |t 0  |e DA690.G45 T7  |h Library of Congress classification  |i unmediated -- volume  |m A14801942676 
998 f f |a DA690.G45 T7  |t 0  |l Remote Storage